000 00423nam a2200145Ia 4500
008 221007s9999 xx 000 0 und d
041 _aeng
082 _bKAS
100 _aKashyap Sheena - 2K91065
_9101866
245 _aA Study on The Talent Management Process Framework & Designing A Competency Based Manual
260 _c2011
_bPune University
_aPune
300 _a82p
520 _aKulkarni Mihika
906 _bGeneral
999 _c69021
_d69021